France in the Eurovision Song Contest - Statistics

General Stats
  • This quiz has been taken 25 times
    3 since last reset
  • The average score is 11 of 69
Answer Stats
Answer % Correct
Évidemment
100%
Fulenn
100%
Maman
100%
Mon amour
100%
Moustache
100%
Regarde!
100%
Voilà
100%
J'ai cherché
67%
Mercy
67%
Requiem
67%
Roi
67%
Allez Ola Olé
33%
Echo (You and I)
33%
L'Enfer et moi
33%
N'oubliez pas
33%
Sognu
33%
À chaque pas
0%
Autant d'amoureux que d'étoiles
0%
C'est le dernier qui a parlé qui a raison
0%
Chacun pense à soi
0%
Chanteur de charme
0%
Chez nous
0%
Comé-comédie
0%
Divine
0%
Diwanit bugale
0%
Dors mon amour
0%
Elle était si jolie
0%
Et bonjour à toi l'artiste
0%
Et s'il fallait le faire
0%
Européennes
0%
Femme dans ses rêves aussi
0%
Hé, hé m'sieurs dames
0%
Humanahum
0%
Il doit faire beau là-bas
0%
Il est là
0%
Il était temps
0%
Il faut du temps
0%
Il me donne rendez-vous
0%
Il y aura toujours des violons
0%
J'ai volé la vie
0%
Je n'ai que mon âme
0%
Je suis l'enfant soleil
0%
Je suis un vrai garçon
0%
Je veux donner ma voix
0%
La Belle Amour
0%
L'Amour à la française
0%
La Source
0%
Le Chant de Mallory
0%
Les mots d'amour n'ont pas de dimanche
0%
Le Temps perdu
0%
L'Oiseau et l'Enfant
0%
Mama Corsica
0%
Marie-Blanche
0%
Monté la riviè
0%
Monts et merveilles
0%
N'avoue jamais
0%
On aura le ciel
0%
Où aller
0%
Oui oui oui oui
0%
Printemps (avril carillonne)
0%
Sans toi
0%
Sentiments songes
0%
Tom Pillibi
0%
Un, deux, trois
0%
Un jardin sur la terre
0%
Un jour, un enfant
0%
Un premier amour
0%
Vivre
0%
White and Black Blues
0%
No matching quizzes found
Score Distribution
Percent of People with Each Score
Percentile by Number Answered
Your Score History
You have not taken this quiz since the last reset